Tháp nắng : Thơ và trường ca

Nội dung giới thiệu về tập thơ tháp nắng, hành hương em. Giới thiệu về tỉnh Phan Rang và dân tộc Chăm.

Gespeichert in:
Bibliographische Detailangaben
1. Verfasser: Inrasara
Format: Buch
Sprache:Undetermined
Veröffentlicht: Hà Nội Hội Nhà văn 2019
Schlagworte:
Tags: Tag hinzufügen
Keine Tags, Fügen Sie den ersten Tag hinzu!
Thư viện lưu trữ: Trung tâm Học liệu Trường Đại học Cần Thơ
LEADER 00696nam a2200205Ia 4500
001 CTU_236031
008 210402s9999 xx 000 0 und d
082 |a 398.809597 
082 |b I.312 
100 |a Inrasara 
245 0 |a Tháp nắng : 
245 0 |b Thơ và trường ca 
245 0 |c Inrasara 
260 |a Hà Nội 
260 |b Hội Nhà văn 
260 |c 2019 
520 |a Nội dung giới thiệu về tập thơ tháp nắng, hành hương em. Giới thiệu về tỉnh Phan Rang và dân tộc Chăm. 
650 |a Folk songs,Dân ca Việt Nam 
910 |b dqhieu 
980 |a Trung tâm Học liệu Trường Đại học Cần Thơ